[Event "Guernsey Open"]
[Site "?"]
[Date "2002.??.??"]
[Round "7"]
[White "Goldberg, Menashe"]
[Black "Broek, Thomas"]
[Result "0-1"]
[WhiteElo "2039"]
[BlackElo "2194"]
[PlyCount "40"]
[EventDate "2002.10.20"]

1. e4 c5 2. Nc3 Nc6 3. f4 d6 4. Nf3 g6 5. Bc4 Bg7 6. O-O e6 7. a3 Nge7 8. Qe1
a6 9. d3 b5 10. Bb3 Nd4 11. Nxd4 Bxd4+ 12. Kh1 O-O 13. Nd1 Bg7 14. Rf3 d5 15.
Ne3 dxe4 16. dxe4 Bb7 17. Nf1 c4 18. Ba2 f5 19. Be3 Bxe4 20. Rd1 Nd5 0-1

[Event "Guernsey Open"]
[Site "?"]
[Date "2002.??.??"]
[Round "7"]
[White "Plant, Paul"]
[Black "Von Saldern, Ruediger"]
[Result "1-0"]
[WhiteElo "2024"]
[BlackElo "2143"]
[PlyCount "67"]
[EventDate "2002.10.20"]

1. d4 d5 2. c4 c6 3. cxd5 cxd5 4. Nc3 Nf6 5. Bf4 a6 6. e3 e6 7. Rc1 Bd6 8. Bxd6
Qxd6 9. Nxd5 Nc6 10. Nxf6+ gxf6 11. Nf3 Bd7 12. a3 h5 13. Nd2 Rd8 14. Ne4 Qe7
15. Qf3 f5 16. Nc5 Bc8 17. Nxa6 e5 18. d5 e4 19. Qg3 Kf8 20. dxc6 bxa6 21. Qb8
Kg7 22. Qb4 Qc7 23. Be2 Rh6 24. Qc3+ Kh7 25. b4 Rg6 26. g3 h4 27. a4 f6 28. b5
Kg7 29. Qb4 Qe5 30. b6 hxg3 31. hxg3 Rxg3 32. b7 Rh8 33. Rxh8 Rg1+ 34. Bf1 1-0

[Event "Guernsey Open"]
[Site "?"]
[Date "2002.??.??"]
[Round "7"]
[White "Spanton, Timothy"]
[Black "Loerke, Reinhard"]
[Result "0-1"]
[WhiteElo "2005"]
[BlackElo "2086"]
[PlyCount "136"]
[EventDate "2002.10.20"]

1. e4 e5 2. Nf3 Nc6 3. Bb5 Bc5 4. c3 Nf6 5. d3 Qe7 6. Be3 Ng4 7. Bxc6 Nxe3 8.
Bxd7+ Bxd7 9. fxe3 Bxe3 10. Nbd2 f5 11. Qe2 f4 12. Nc4 Bc5 13. Ncxe5 Be6 14. d4
Bd6 15. d5 Bxe5 16. Nxe5 Qf6 17. Qb5+ c6 18. dxc6 O-O 19. Nf3 bxc6 20. Qg5 Qf7
21. b3 h6 22. Qc5 Qg6 23. O-O Qxe4 24. Rae1 Qd5 25. Qxd5 Bxd5 26. Re7 g5 27. c4
Rf7 28. Rxf7 Bxf7 29. Ne5 Be8 30. Rd1 Kg7 31. Rd6 Rc8 32. Kf2 a5 33. Kf3 c5 34.
Ra6 a4 35. Ra7+ Kf6 36. Ng4+ Ke6 37. Nxh6 axb3 38. axb3 Rb8 39. Ra3 Ke5 40. Kg4
Rb6 41. Ng8 Bc6 42. Kxg5 Bxg2 43. h4 f3 44. Ra2 Rxb3 45. h5 f2 46. Rxf2 Rg3+
47. Kh6 Rxg8 48. Kh7 Rg4 49. h6 Kd4 50. Kh8 Rh4 51. Rxg2 Rxh6+ 52. Kg7 Rh4 53.
Ra2 Kc3 54. Kf6 Rxc4 55. Ke5 Rd4 56. Ra5 Kb4 57. Ra8 Rd1 58. Ke4 c4 59. Ke3 Rd7
60. Ke2 Kb3 61. Rb8+ Kc2 62. Ke3 c3 63. Rc8 Rb7 64. Ke2 Re7+ 65. Kf2 Kb2 66.
Rb8+ Kc1 67. Rc8 c2 68. Rc5 Rb7 0-1

[Event "Guernsey Open"]
[Site "?"]
[Date "2002.??.??"]
[Round "7"]
[White "Hunt, L."]
[Black "Westerkamp, Bert"]
[Result "1/2-1/2"]
[WhiteElo "1744"]
[BlackElo "1961"]
[PlyCount "55"]
[EventDate "2002.10.20"]

1. e4 e5 2. Nf3 Nc6 3. d4 exd4 4. Nxd4 Nf6 5. Nxc6 bxc6 6. e5 Ne4 7. Qf3 Ng5 8.
Qg3 Ne4 9. Qf4 Nc5 10. Bc4 Ne6 11. Bxe6 dxe6 12. O-O Ba6 13. c4 Qd3 14. b3 Bc5
15. Bb2 Rd8 16. Qg4 O-O 17. Nc3 Bd4 18. Rfd1 Qc2 19. Rxd4 Qxb2 20. Rxd8 Rxd8
21. Rd1 Rxd1+ 22. Qxd1 g6 23. Qe1 c5 24. f3 Bb7 25. Qe3 Kg7 26. h3 h5 27. h4
Bc6 28. Kh2 1/2-1/2

[Event "Guernsey Open"]
[Site "?"]
[Date "2002.??.??"]
[Round "7"]
[White "Kitchlew, Andrew"]
[Black "Barnard, PE."]
[Result "0-1"]
[WhiteElo "2090"]
[BlackElo "1840"]
[PlyCount "104"]
[EventDate "2002.10.20"]

1. e4 d5 2. e5 c5 3. g4 Nc6 4. f4 g6 5. h4 Bg7 6. c3 e6 7. Na3 a6 8. Nf3 Nge7
9. Qc2 Bd7 10. h5 gxh5 11. Rxh5 Ng6 12. d4 cxd4 13. cxd4 Rc8 14. Qh2 Nce7 15.
Rxh7 Rxh7 16. Qxh7 Kf8 17. f5 exf5 18. Bh6 Bxh6 19. Qxh6+ Ke8 20. b4 fxg4 21.
Ng5 Nf5 22. Qh5 Nxd4 23. Nxf7 Kxf7 24. Qh7+ Ke6 25. Qxg6+ Kxe5 26. Qg7+ Kd6 27.
Qxd4 Qh4+ 28. Qf2 Re8+ 29. Be2 Qh1+ 30. Qf1 Qe4 31. Qf6+ Re6 32. Qf8+ Re7 33.
Qb8+ Ke6 34. Qg8+ Kf6 35. Qf8+ Kg6 36. Qg8+ Kh5 37. Qh8+ Kg5 38. Qg8+ Kh4 39.
Qh8+ Kg3 40. Qc3+ Kg2 41. O-O-O Qe3+ 42. Qxe3 Rxe3 43. Rxd5 Bc6 44. Rd2 Rxa3
45. Bc4+ Kf3 46. Bb3 g3 47. Rd3+ Kf2 48. Rd2+ Kg1 49. Rd6 Rxb3 50. axb3 g2 51.
Kd2 Kf2 52. Rf6+ Bf3 0-1

[Event "Guernsey Open"]
[Site "?"]
[Date "2002.??.??"]
[Round "7"]
[White "Van de Walle, Rob P"]
[Black "Kuijpers, CF."]
[Result "1/2-1/2"]
[WhiteElo "1896"]
[BlackElo "2080"]
[PlyCount "29"]
[EventDate "2002.10.20"]

1. d4 e6 2. c4 Nf6 3. Nc3 Bb4 4. e3 b6 5. Nge2 Ne4 6. Qc2 Bb7 7. a3 Bxc3+ 8.
Nxc3 f5 9. b4 O-O 10. Bb2 Qe7 11. Bd3 Nxc3 12. Bxc3 d6 13. O-O-O Nd7 14. f3 Qf7
15. e4 1/2-1/2

[Event "Guernsey Open"]
[Site "?"]
[Date "2002.??.??"]
[Round "7"]
[White "Doell, Detlef"]
[Black "Kamps, JW."]
[Result "1/2-1/2"]
[WhiteElo "2148"]
[BlackElo "1993"]
[PlyCount "26"]
[EventDate "2002.10.20"]

1. e4 c5 2. Nf3 d6 3. Bb5+ Bd7 4. Bxd7+ Qxd7 5. c4 Nc6 6. d4 cxd4 7. Nxd4 Nf6
8. Nc3 g6 9. O-O Bg7 10. Nc2 O-O 11. b3 Rfc8 12. f3 e6 13. Bb2 d5 1/2-1/2

[Event "Guernsey Open"]
[Site "?"]
[Date "2002.??.??"]
[Round "7"]
[White "Kuijpers, Paul JM"]
[Black "Milnes, Anthony"]
[Result "1-0"]
[WhiteElo "1915"]
[BlackElo "2128"]
[PlyCount "95"]
[EventDate "2002.10.20"]

1. e4 e6 2. d4 d5 3. Nc3 Bb4 4. e5 c5 5. a3 Bxc3+ 6. bxc3 Ne7 7. h4 Nbc6 8. h5
h6 9. Qg4 Nf5 10. Bd3 O-O 11. Nf3 Qa5 12. Bd2 Qa4 13. Nh4 cxd4 14. Bxf5 exf5
15. Nxf5 Bxf5 16. Qxf5 dxc3 17. Bxc3 Rfe8 18. f4 Qc4 19. Rh3 Nd4 20. Qd3 Qxd3
21. cxd3 Nc2+ 22. Kd2 Nxa1 23. Bxa1 Kh7 24. f5 Rac8 25. Rg3 Rg8 26. Rg4 Rc6 27.
g3 Ra6 28. Bb2 b5 29. Ke3 Ra4 30. Rxa4 bxa4 31. Kd4 Rb8 32. Bc3 Kg8 33. Bb4 Rb5
34. Bc5 Rb3 35. g4 g6 36. hxg6 fxg6 37. e6 gxf5 38. gxf5 h5 39. f6 Rb7 40. f7+
Rxf7 41. exf7+ Kxf7 42. Kxd5 Kf6 43. Bxa7 Kf5 44. Kc6 h4 45. d4 h3 46. Bb8 Ke4
47. d5 Kd4 48. Bh2 1-0

[Event "Guernsey Open"]
[Site "?"]
[Date "2002.??.??"]
[Round "7"]
[White "Burton, Ronnie"]
[Black "Kuijpers, Jos"]
[Result "1-0"]
[WhiteElo "2078"]
[BlackElo "1598"]
[PlyCount "139"]
[EventDate "2002.10.20"]

1. d4 d5 2. Nf3 Nf6 3. e3 c6 4. Bd3 Bg4 5. h3 Bh5 6. Nbd2 Nbd7 7. g4 Bg6 8. Ne5
e6 9. f4 Nxe5 10. fxe5 Ne4 11. Nf3 Bb4+ 12. c3 Nxc3 13. bxc3 Bxc3+ 14. Bd2 Bxa1
15. Bxg6 hxg6 16. Qxa1 f5 17. g5 Qb6 18. Kf2 Qa6 19. h4 Rc8 20. Rc1 Qa4 21. Qb2
b6 22. Bb4 Qb5 23. Qa3 a5 24. Bd6 Kf7 25. Rc2 Qa6 26. Qc1 b5 27. Rc5 b4 28. Qc2
a4 29. Kg3 Rhd8 30. Kf2 Rd7 31. Nd2 Rb7 32. Kg3 Qe2 33. Rxc6 Rxc6 34. Qxc6 Qb5
35. Qc8 Re7 36. Bxe7 Kxe7 37. Qc7+ Kf8 38. Kf2 Kg8 39. Qc8+ Kf7 40. Qc2 Qa6 41.
Qc7+ Kg8 42. Qb8+ Kh7 43. Qxb4 Qd3 44. Nf3 Qc2+ 45. Qd2 Qc4 46. Ne1 Qb5 47. Qc2
a3 48. Nd3 Qa5 49. Ke2 Qb6 50. Qc5 Qb1 51. Qxa3 Qc2+ 52. Ke1 Qh2 53. Qb2 Qxh4+
54. Qf2 Qxg5 55. a4 Qd8 56. Nc5 Qb6 57. Qd2 g5 58. a5 Qb1+ 59. Ke2 Qb5+ 60. Kf2
g4 61. a6 Qb6 62. Qa2 Qd8 63. Kg3 Qg5 64. Qf2 Qe7 65. Qh2+ Kg8 66. Qh4 Qf7 67.
Qg5 Kh7 68. Qd8 Qa7 69. Qd7 Qb8 70. Nxe6 1-0

[Event "Guernsey Open"]
[Site "?"]
[Date "2002.??.??"]
[Round "7"]
[White "Kirkwood, Robin"]
[Black "Dekker, Jop"]
[Result "0-1"]
[WhiteElo "2063"]
[BlackElo "1859"]
[PlyCount "74"]
[EventDate "2002.10.20"]

1. c4 e5 2. g3 Nc6 3. Bg2 Bc5 4. e3 d6 5. Ne2 Bf5 6. d4 Bb6 7. O-O Qd7 8. d5
Nce7 9. Nbc3 Nf6 10. Na4 Bh3 11. Nxb6 axb6 12. Nc3 h5 13. e4 Bxg2 14. Kxg2 h4
15. Rh1 Ng6 16. h3 hxg3 17. fxg3 Nh5 18. Ne2 f5 19. Qd3 f4 20. g4 Nf6 21. Bd2
Qf7 22. Ng1 Nh4+ 23. Kf2 Qg6 24. Re1 Rxa2 25. Bc3 Ke7 26. Nf3 Raa8 27. Nd2 Raf8
28. Nf3 Rh7 29. Nd2 Nh5 30. Nf3 Ng3 31. Rh2 Rfh8 32. Ng1 Qf7 33. Ne2 Ng6 34.
Ng1 Nf8 35. Ra1 Nd7 36. b4 Nf6 37. Re1 Nxg4+ 0-1

[Event "Guernsey Open"]
[Site "?"]
[Date "2002.??.??"]
[Round "7"]
[White "O'Toole, Anthony"]
[Black "Ippel, Cornelius"]
[Result "1-0"]
[WhiteElo "1672"]
[BlackElo "2108"]
[PlyCount "127"]
[EventDate "2002.10.20"]

1. d4 e6 2. c4 d5 3. e3 Nf6 4. Nc3 c6 5. Nf3 Nbd7 6. Be2 Bb4 7. Bd2 O-O 8. a3
Bd6 9. O-O e5 10. dxe5 Nxe5 11. cxd5 cxd5 12. Qb3 Nc6 13. Nb5 Qb6 14. Qc2 Be5
15. Nxe5 Nxe5 16. Bc3 Nc6 17. Bxf6 gxf6 18. Rfd1 Be6 19. Nd4 Ne5 20. Rac1 Rac8
21. Qb1 a6 22. Nf3 Qd6 23. Rxc8 Rxc8 24. Rc1 Qd7 25. Nd4 Kh8 26. Rxc8+ Qxc8 27.
Qc2 Qxc2 28. Nxc2 Nc6 29. Nd4 Ne7 30. Bd3 Kg7 31. Kf1 f5 32. Ke2 Kf6 33. f4 Bd7
34. Nb3 Bc6 35. Nd4 Bd7 36. b4 b5 37. Nb3 Bc8 38. g3 Ke6 39. Nc5+ Kd6 40. Bc2
a5 41. Kd3 Nc6 42. Kc3 a4 43. Bd3 Na7 44. h3 f6 45. h4 h6 46. Be2 Be6 47. Nxe6
Kxe6 48. Bd3 Kd6 49. Bxf5 Nc6 50. Bd3 d4+ 51. exd4 Kd5 52. Bxb5 Nxd4 53. Bxa4
Ne2+ 54. Kd3 Nxg3 55. Bd1 Nf5 56. h5 Kc6 57. a4 Ne7 58. Kc4 Nf5 59. Bf3+ Kb6
60. Kd5 Ne3+ 61. Ke6 Nc2 62. Kxf6 Nxb4 63. Kg7 Nd3 64. f5 1-0

[Event "Guernsey Open"]
[Site "?"]
[Date "2002.??.??"]
[Round "7"]
[White "Wood, Peter C"]
[Black "Autin, DW."]
[Result "0-1"]
[WhiteElo "1784"]
[BlackElo "1920"]
[PlyCount "132"]
[EventDate "2002.10.20"]

1. Nf3 d6 2. c4 Nf6 3. Nc3 g6 4. d4 Bg7 5. Bg5 Nbd7 6. e3 O-O 7. Be2 c6 8. Qc2
a6 9. Rd1 Qc7 10. O-O e5 11. dxe5 dxe5 12. Rd2 Re8 13. Rfd1 Nc5 14. Bxf6 Bxf6
15. b4 Ne6 16. Ne4 Be7 17. Nd6 Bxd6 18. Rxd6 Nd4 19. Nxd4 Qxd6 20. Nb5 Qe7 21.
Nd6 Rd8 22. c5 a5 23. a3 axb4 24. axb4 Be6 25. Bc4 b5 26. Bxe6 Qxe6 27. h3 Ra2
28. Qe4 Qb3 29. Rb1 Qc2 30. Qxc2 Rxc2 31. Ra1 Rd7 32. Ra6 Rb2 33. Rxc6 Rxb4 34.
Rc8+ Kg7 35. Ne8+ Kh6 36. c6 Rd2 37. c7 Rbb2 38. Nf6 Rdc2 39. h4 Kg7 40. Ne8+
Kf8 41. Nf6+ Ke7 42. Nd5+ Kd6 43. Rd8+ Ke6 44. Re8+ Kxd5 45. c8=Q Rxc8 46. Rxc8
b4 47. Rb8 b3 48. Kf1 Kc4 49. Ke1 Kc3 50. Rc8+ Kd3 51. Rd8+ Kc2 52. Rc8+ Kb1
53. Rb8 Ka1 54. Kd1 Rb1+ 55. Kd2 Kb2 56. Rb7 Rg1 57. g3 f5 58. Rb4 Rf1 59. Ke2
Rc1 60. Kd2 Rc2+ 61. Ke1 Kc3 62. Rb7 b2 63. Rc7+ Kd3 64. Rd7+ Ke4 65. Rd1 Rc1
66. Ke2 Rxd1 0-1

[Event "Guernsey Open"]
[Site "?"]
[Date "2002.??.??"]
[Round "7"]
[White "Gravett, AD."]
[Black "Goman, Colin R"]
[Result "1/2-1/2"]
[WhiteElo "1900"]
[BlackElo "1590"]
[PlyCount "22"]
[EventDate "2002.10.20"]

1. e4 d6 2. d4 Nf6 3. Nc3 g6 4. Nf3 Bg7 5. Be2 O-O 6. h3 c5 7. Be3 cxd4 8. Nxd4
Nbd7 9. Nb3 Nb6 10. Qd2 Be6 11. O-O-O Nc4 1/2-1/2

[Event "Guernsey Open"]
[Site "?"]
[Date "2002.??.??"]
[Round "7"]
[White "Cheshire, Paul"]
[Black "Van Hoek, W."]
[Result "0-1"]
[WhiteElo "1440"]
[BlackElo "1761"]
[PlyCount "122"]
[EventDate "2002.10.20"]

1. c4 f5 2. Nc3 Nf6 3. g3 d6 4. Bg2 c6 5. d4 Qc7 6. Nf3 e5 7. dxe5 dxe5 8. O-O
Be7 9. a3 O-O 10. Re1 a5 11. e4 fxe4 12. Nxe4 Nxe4 13. Rxe4 Bf6 14. Bg5 Bf5 15.
Re2 Nd7 16. Bxf6 Rxf6 17. h3 Rd8 18. Rd2 Rff8 19. Ng5 Nf6 20. g4 Bc8 {(=)} 21.
Rc1 h6 22. Ne4 Nxe4 23. Bxe4 Rd4 24. Rxd4 exd4 25. Qxd4 Qf4 26. Rc3 Kh8 27. Kg2
c5 28. Qe3 Qxe3 29. Rxe3 Be6 30. Bd3 Bg8 31. Re7 Rb8 32. f4 b5 33. cxb5 c4 34.
Bg6 Rxb5 35. Re8 Rxb2+ 36. Kg1 c3 37. Rc8 Rb3 38. Bf7 Rb1+ 39. Kh2 c2 40. Rxg8+
Kh7 41. Rc8 c1=Q 42. Rxc1 Rxc1 43. a4 Rf1 44. Kg3 Ra1 45. Be8 Ra3+ 46. Kg2 Ra1
47. f5 Kg8 48. Bc6 Kf7 49. h4 Kf6 50. Bb5 Ke5 51. Bc6 Kf4 52. f6 gxf6 53. Be8
Ra2+ 54. Kf1 Kf3 55. Ke1 Ke3 56. Kf1 Rh2 57. h5 Kf3 58. Ke1 Rh4 59. Kd2 Rxg4
60. Kc3 Rb4 61. Kd3 Kf2 0-1

[Event "Guernsey Open"]
[Site "?"]
[Date "2002.??.??"]
[Round "7"]
[White "Ruigrok, Jacques"]
[Black "Van de Linden, Marcel"]
[Result "1/2-1/2"]
[WhiteElo "1836"]
[BlackElo "1760"]
[PlyCount "74"]
[EventDate "2002.10.20"]

1. e4 e6 2. d4 d5 3. e5 c5 4. c3 Nc6 5. Nf3 Qc7 6. Bd3 f6 7. Bf4 fxe5 8. Bxe5
Nxe5 9. Nxe5 Nf6 10. O-O a6 11. Qe2 Bd6 12. Nd2 O-O 13. g4 Bxe5 14. dxe5 Nd7
15. f4 Rf7 16. Rae1 Nf8 17. f5 Bd7 18. Rf2 Re8 19. Nf1 Rfe7 20. f6 Rf7 21. g5
Bc8 22. h4 Nd7 23. Bxh7+ Kxh7 24. Qh5+ Kg8 25. g6 Nf8 26. gxf7+ Qxf7 27. Qxf7+
Kxf7 28. Ng3 g6 29. Kh2 Nd7 30. Nf1 Rh8 31. Kg3 Rh5 32. Rd2 b5 33. Nh2 Bb7 34.
Nf3 Nf8 35. Ng5+ Kg8 36. b4 c4 37. Rf2 Bc8 1/2-1/2

[Event "Guernsey Open"]
[Site "?"]
[Date "2002.??.??"]
[Round "7"]
[White "Opgenhaffen, Gerie"]
[Black "Lanzer, RA."]
[Result "0-1"]
[WhiteElo "1786"]
[BlackElo "1744"]
[PlyCount "130"]
[EventDate "2002.10.20"]

1. d4 d5 2. c4 e5 3. cxd5 Qxd5 4. Nf3 Nc6 5. Nc3 Bb4 6. dxe5 Qxd1+ 7. Kxd1 Bxc3
8. bxc3 Bg4 9. h3 Bxf3 10. gxf3 Nxe5 11. f4 O-O-O+ 12. Kc2 Nc6 13. Bg2 Nge7 14.
a4 Rhe8 15. Ba3 Nd5 16. e3 Na5 17. Rhd1 Nb6 18. Bb4 Nbc4 19. Bd5 f6 20. Bf7
Rxd1 21. Rxd1 Rh8 22. Be6+ Kb8 23. Rd4 c5 24. Bxc5 Nb6 25. f5 g6 26. fxg6 hxg6
27. Bd6+ Ka8 28. Be7 Nc6 29. Bxf6 Nxd4+ 30. Bxd4 Rf8 31. a5 Nc8 32. f4 a6 33.
Bc5 Rh8 34. Bf7 Rh6 35. Be6 Na7 36. e4 Nc6 37. Bb6 Rh4 38. Bg4 Rh8 39. Kd3 Rf8
40. Ke3 Ne7 41. Bc5 Re8 42. Kd4 Nc6+ 43. Kd5 Nxa5 44. e5 b5 45. Kd6 Nb7+ 46.
Kd7 Rh8 47. Bd4 b4 48. cxb4 Rd8+ 49. Kc7 Rxd4 50. e6 Re4 51. Kd7 Rxb4 52. e7
Rd4+ 53. Ke6 Re4+ 54. Kf6 Nd6 55. Bd7 Kb8 56. Kxg6 Rxe7 57. Bc6 Re6+ 58. Kh7
Rf6 59. h4 Rxf4 60. h5 Kc7 61. Bg2 Rf2 62. Ba8 Nb7 63. Kg7 Kb8 64. Bxb7 Kxb7
65. h6 Rh2 0-1